Kroniky Dasnarie. 3, Bojovnice světa /
Třetí část fantasy série o princezně na útěku před tyranským manželem.
Uloženo v:
| Série: | Kroniky Dasnarie,
část 3 |
|---|---|
| Hlavní autor: | |
| Další autoři: | |
| Médium: | E-kniha |
| Jazyk: | Czech |
| Vydáno: |
Ostrava :
Fantom Print,
2022
|
| Vydání: | 1. vydání |
| Témata: | |
| Příbuzné jednotky: | Z cyklu::
Kroniky Dasnarie |
| Tagy: |
Žádné tagy |
| LEADER | 02293nam a2200457 i 4500 | ||
|---|---|---|---|
| 001 | 311628 | ||
| 003 | CZ PrSKC | ||
| 005 | 20260601215708.0 | ||
| 007 | ta | ||
| 008 | 220817s2022 xr g 000 f cze | ||
| 015 | |a cnb003442805 | ||
| 020 | |a 9788075941138 |q (brožováno) | ||
| 035 | |a (OCoLC)1354195705 | ||
| 040 | |a ABG001 |b cze |d ABA001 |e rda | ||
| 041 | 1 | |a cze |h eng | |
| 072 | 7 | |a 821.111(73)-3 |x Americká próza |2 Konspekt | |
| 080 | |a 821.111(73)-31 |2 MRF | ||
| 080 | |a (0:82-312.9) |2 MRF | ||
| 100 | 1 | |a Kennedy, Jeffe, |d 1966- |7 xx0269319 |4 aut | |
| 240 | 1 | 0 | |a Warrior of the world. |l Česky |
| 245 | 1 | 0 | |a Kroniky Dasnarie. |n 3, |p Bojovnice světa / |c Jeffe Kennedy ; překlad Petra Kubašková |
| 246 | 3 | 0 | |a Bojovnice světa |
| 250 | |a 1. vydání | ||
| 264 | 1 | |a Ostrava : |b Fantom Print, |c 2022 | |
| 300 | |a 239 stran ; |c 21 cm | ||
| 336 | |a text |b txt |2 rdacontent | ||
| 337 | |a bez média |b n |2 rdamedia | ||
| 338 | |a svazek |b nc |2 rdacarrier | ||
| 500 | |a Přeloženo z angličtiny | ||
| 520 | 2 | |a Třetí část fantasy série o princezně na útěku před tyranským manželem. |b S novým jménem a ne tak úplně pravou identitou Danuiny válečné kněžky je nyní žena, kdysi známá jako princezna Jenna, na útěku. Zatímco se učí využívat svou sílu tanečnice v boji a sbližuje se s válečnými slony, postupně se vzdaluje vzpomínkám na tyranského manžela. Bezpečně schovaná v horké, léčivé Nyambuře pilně trénuje na den, kdy se bude muset opět postavit svým pronásledovatelům. Nakladatelská anotace. Kráceno. | |
| 655 | 7 | |a americké romány |7 fd131796 |2 czenas | |
| 655 | 7 | |a fantasy romány |7 fd184199 |2 czenas | |
| 655 | 9 | |a American fiction |2 eczenas | |
| 655 | 9 | |a fantasy novels |2 eczenas | |
| 700 | 1 | |a Kubašková, Petra, |d 1978- |7 xx0147637 |4 trl | |
| 787 | 0 | 8 | |i Z cyklu: |t Kroniky Dasnarie |g 3 |
| 900 | |a ABA001 |b 20 | ||
| 044 | |a xr | ||
| 910 | |a RBIT002 | ||
| 998 | |d 357982 |a https://core.palmknihy.cz/api/books/357982/cover?rgaakq |b https://core.palmknihy.cz/api/books/357982/cover/400?rgaakq |c https://core.palmknihy.cz/api/books/357982/cover/50?rgaakq |e 2026-10-18 |g 240 |i 9788075941138 |j https://core.palmknihy.cz/api/books/357982/preview.epub |l |q 49 |r 1 |s https://www.palmknihy.cz/kniha/357982 |t ebook |y 2022 |z 0 |v Kroniky Dasnarie |w 3 | ||
| 999 | |d 311626 | ||